[Event "Cornella Pinol Memorial 6th"]
[Site "Cornella de Llobregat"]
[Date "2018.09.24"]
[Round "1"]
[White "Valarezo Ricard, Pedro"]
[Black "Vidarte Morales, Arturo"]
[Result "0-1"]
[WhiteElo "1760"]
[BlackElo "2352"]
[PlyCount "86"]
[EventDate "2018.09.24"]
[EventType "swiss"]
[EventRounds "9"]
[EventCountry "ESP"]
[SourceTitle "CBM 187 Extra"]
[Source "ChessBase"]
[SourceDate "2018.11.04"]
[SourceVersion "1"]
[SourceVersionDate "2018.11.04"]
[SourceQuality "1"]

1. d4 Nf6 2. Nf3 g6 3. Nc3 d6 4. e4 c6 5. Bd3 Bg7 6. h3 0-0 7. Be3 b5 8. 0-0 Qc7 9. Qd2 Nbd7 10. Bh6 e5 11. Bxg7 Kxg7 12. a3 a6 13. Ne2 c5 14. dxc5 dxc5 15. c4 bxc4 16. Bc2 Rb8 17. Qc3 Re8 18. Rfd1 Nb6 19. Nd2 Be6 20. Rac1 Red8 21. Nf3 Rd4 22. Qe3 Nbd7 23. Ng5 Rxb2 24. Nxe6+ fxe6 25. Qc3 Rb8 26. f3 Rd8 27. Bb1 Nb6 28. Nxd4 exd4 29. Qa5 c3 30. f4 Rb8 31. Qxa6 Ra8 32. Qf1 Rxa3 33. e5 Nfd5 34. Qf2 Qf7 35. Rf1 Ne3 36. Rfe1 Nbd5 37. g3 c4 38. Be4 Qa7 39. Bxd5 Nxd5 40. f5 gxf5 41. g4 d3 42. Rf1 Qxf2+ 43. Rxf2 f4 0-1

[Event "Barcelona Sant Marti op-A 19th"]
[Site "Barcelona"]
[Date "2017.07.17"]
[Round "5"]
[White "De Urquiza, Sebastian"]
[Black "Valarezo Ricard, Pedro"]
[Result "1-0"]
[WhiteElo "1902"]
[BlackElo "1954"]
[PlyCount "39"]
[EventDate "2017.07.13"]
[EventType "swiss"]
[EventRounds "9"]
[EventCountry "ESP"]
[SourceTitle "EXT 2018"]
[Source "ChessBase"]
[SourceDate "2017.10.13"]
[SourceVersion "1"]
[SourceVersionDate "2017.10.13"]
[SourceQuality "1"]

1. e4 d5 2. exd5 Qxd5 3. Nc3 Qd6 4. d4 Nf6 5. Bc4 Qc6 6. Bb5 Bg4 7. f3 Bf5 8. Bf4 e6 9. Bxc7 Bb4 10. Bxc6+ Nxc6 11. Nge2 Rc8 12. Bf4 0-0 13. h4 Nd5 14. g4 Nxf4 15. Nxf4 e5 16. gxf5 exd4 17. a3 Rfe8+ 18. Nfe2 Rcd8 19. axb4 dxc3 20. Qxd8 1-0

[Event "Barcelona Sant Marti op-A 19th"]
[Site "Barcelona"]
[Date "2017.07.14"]
[Round "2"]
[White "Valarezo Ricard, Pedro"]
[Black "Vignesh, B."]
[Result "0-1"]
[WhiteElo "1954"]
[BlackElo "2124"]
[PlyCount "88"]
[EventDate "2017.07.13"]
[EventType "swiss"]
[EventRounds "9"]
[EventCountry "ESP"]
[SourceTitle "EXT 2018"]
[Source "ChessBase"]
[SourceDate "2017.10.13"]
[SourceVersion "1"]
[SourceVersionDate "2017.10.13"]
[SourceQuality "1"]

1. d4 Nf6 2. Bf4 c5 3. c3 Qb6 4. Qc2 Nc6 5. e3 d5 6. Nd2 g6 7. Qb3 c4 8. Qxb6 axb6 9. Be2 b5 10. a3 b4 11. cxb4 Nxb4 12. Rc1 Nc6 13. Ngf3 Nh5 14. Bc7 Kd7 15. Be5 f6 16. Bg3 Nxg3 17. hxg3 e6 18. Nh4 Rg8 19. Nhf3 Rg7 20. e4 b5 21. e5 fxe5 22. Nxe5+ Nxe5 23. dxe5 b4 24. Rd1 Ke8 25. axb4 Bxb4 26. 0-0 Ra2 27. Nf3 Rxb2 28. Rb1 Bc3 29. Rxb2 Bxb2 30. Rb1 Rb7 31. Ng5 h6 32. Nf3 Rb8 33. Bd1 Bxe5 34. Ba4+ Ke7 35. Re1 Bf6 36. Bc6 Kd6 37. Be8 g5 38. Nh2 e5 39. Bg6 c3 40. Rc1 e4 41. Nf1 Ba6 42. Ne3 Bd3 43. f4 Bd4 44. Re1 Rb1 0-1

[Event "Sant Boi op 29th"]
[Site "Sant Boi de Llobregat"]
[Date "2017.06.16"]
[Round "9"]
[White "Ros Alonso, Joana"]
[Black "Valarezo Ricard, Pedro"]
[Result "1-0"]
[WhiteElo "1952"]
[BlackElo "1881"]
[PlyCount "51"]
[EventDate "2017.04.21"]
[EventType "swiss"]
[EventRounds "9"]
[EventCountry "ESP"]
[SourceTitle "CBM 187 Extra"]
[Source "ChessBase"]
[SourceDate "2018.11.04"]
[SourceVersion "1"]
[SourceVersionDate "2018.11.04"]
[SourceQuality "1"]

1. e4 g6 2. d4 c6 3. Nc3 d5 4. Be3 Bg7 5. f3 Nf6 6. Qd2 dxe4 7. Nxe4 Qb6 8. 0-0-0 Nbd7 9. Bh6 0-0 10. h4 Nxe4 11. fxe4 Nf6 12. e5 Ne4 13. Qe3 Bxh6 14. Qxh6 Nf2 15. Nf3 f6 16. Bc4+ e6 17. h5 g5 18. exf6 Qc7 19. Nxg5 Qf4+ 20. Kb1 Rxf6 21. Qxh7+ Kf8 22. Qh8+ Ke7 23. Qg7+ Kd6 24. Rhf1 Bd7 25. Rxf2 Qg4 26. Nf7+ 1-0